Directorio de Asociaciones civiles sin fines de lucro de la ciudad de Córdoba-Argentina (Record no. 26590)
[ view plain ]
| 000 -LEADER | |
|---|---|
| campo de control de longitud fija | 00727ntaaa2200217 4500 |
| 003 - IDENTIFICADOR DE NÚMERO DE CONTROL | |
| campo de control | 01 |
| 005 - FECHA Y HORA DE LA ÚLTIMA TRANSACCIÓN | |
| campo de control | 20251027203119.0 |
| 008 - DATOS DE LONGITUD FIJA--INFORMACIÓN GENERAL | |
| campo de control de longitud fija | 0714s1973 ag 01 |
| 020 ## - NÚMERO INTERNACIONAL ESTÁNDAR DEL LIBRO | |
| Número Internacional Estándar del Libro | 9879678311 |
| 040 ## - FUENTE DE CATALOGACIÓN | |
| Centro catalogador/agencia de origen | AR-BaBN |
| Lengua de catalogación | spa |
| Centro/agencia transcriptor | AR-BaBN |
| Normas de descripción | aacr |
| Centro/agencia modificador | RIC |
| 082 ## - NÚMERO DE LA CLASIFICACIÓN DECIMAL DEWEY | |
| Número de clasificación | 366.0025 F96d |
| 100 ## - ENTRADA PRINCIPAL--NOMBRE DE PERSONA | |
| Nombre de persona | Fundación Juan Minetti |
| 9 (RLIN) | 32702 |
| 245 ## - MENCIÓN DEL TÍTULO | |
| Título | Directorio de Asociaciones civiles sin fines de lucro de la ciudad de Córdoba-Argentina |
| 250 ## - MENCION DE EDICION | |
| Mención de edición | 1 ed. |
| 260 ## - PUBLICACIÓN, DISTRIBUCIÓN, ETC. | |
| Lugar de publicación, distribución, etc. | Córdoba : |
| Nombre del editor, distribuidor, etc. | Secretaria de Extension Universitaria, |
| Fecha de publicación, distribución, etc. | 1998 |
| 300 ## - DESCRIPCIÓN FÍSICA | |
| Extensión | 303 p ; |
| Dimensiones | 22cm |
| 650 ## - PUNTO DE ACCESO ADICIONAL DE MATERIA--TÉRMINO DE MATERIA | |
| Término de materia o nombre geográfico como elemento de entrada | Asociaciones civiles--Córdoba, Argentina |
| 9 (RLIN) | 32703 |
| 650 ## - PUNTO DE ACCESO ADICIONAL DE MATERIA--TÉRMINO DE MATERIA | |
| Término de materia o nombre geográfico como elemento de entrada | Córdoba, Argentina--Asociaciones civiles--Directorios |
| 9 (RLIN) | 32704 |
| 700 ## - ENTRADA AGREGADA--NOMBRE PERSONAL | |
| Nombre de persona | Ortega, Eduardo Raúl |
| 9 (RLIN) | 32705 |
| 942 ## - ELEMENTOS DE ENTRADA SECUNDARIOS (KOHA) | |
| Tipo de ítem Koha | Colección General |
| Estatus retirado | Estado de pérdida | Estado de daño | No para préstamo | Biblioteca de origen | Biblioteca actual | Fecha de adquisición | Número de inventario | Total de préstamos | Signatura topográfica completa | Código de barras | Visto por última vez | Precio de reemplazo | Tipo de ítem Koha |
|---|---|---|---|---|---|---|---|---|---|---|---|---|---|
| Biblioteca Pluis | Biblioteca Pluis | 27/10/2025 | 42380 | 366.0025 F96d | 42380 | 27/10/2025 | 27/10/2025 | Colección General |
